000 00379pam a2200145a 44500
008 230405s xxu||||| |||| 00| 0 eng d
041 _aENG
100 _aPODDAR S / BHAGATE AJAY
245 _aANATOMY OF CENTRAL NERVOUS SYSTEM
250 _a6 1999
260 _aCALCUTTA
_bSCIENTIFIC BOOK AGENCYPUBLICATION CALCUTTA
_c
300 _a236
650 _aPHARMACOLOGY
906 _a322
999 _c275593
_d275593